[Event "Pan American Intercollegiate-chT"]
[Site "Chess.com INT"]
[Date "2021.01.05"]
[Round "6"]
[White "Belous, Vladimir"]
[Black "Arribas Lopez, Angel"]
[Result "1-0"]
[WhiteElo "2524"]
[BlackElo "2436"]
[PlyCount "57"]
[EventDate "2021.01.04"]
[EventType "team-swiss (rapid)"]
[EventRounds "9"]
[EventCountry "USA"]
[SourceTitle "CBM 200 Extra"]
[Source "ChessBase"]
[SourceDate "2021.03.31"]
[SourceVersion "1"]
[SourceVersionDate "2021.03.31"]
[SourceQuality "1"]
[WhiteTeam "Texas Rio Grande Valley Univ"]
[BlackTeam "Texas Dallas Univ III"]
[WhiteTeamCountry "USA"]
[BlackTeamCountry "USA"]

1. Nf3 g6 2. c4 Bg7 3. Nc3 d6 4. d4 Bg4 5. e3 Nc6 6. Be2 e5 7. d5 Nce7 8. e4 Bxf3 9. Bxf3 h5 10. Qa4+ Qd7 11. Bd1 Qxa4 12. Bxa4+ Kd8 13. c5 dxc5 14. Be3 b6 15. d6 cxd6 16. Rd1 Nc8 17. Nb5 Nf6 18. Bg5 Re8 19. 0-0 a6 20. Nxd6 Nxd6 21. Rxd6+ Ke7 22. Rxb6 Reb8 23. Rc6 Rc8 24. f4 Rxc6 25. Bxc6 Rc8 26. fxe5 Rxc6 27. exf6+ Bxf6 28. Rxf6 Rxf6 29. e5 1-0

[Event "Texas Collegiate Finals"]
[Site "chess24.com INT"]
[Date "2020.10.18"]
[Round "8.3"]
[White "Arribas Lopez, Angel"]
[Black "Belous, Vladimir"]
[Result "1-0"]
[WhiteElo "2434"]
[BlackElo "2524"]
[PlyCount "87"]
[EventDate "2020.10.17"]
[EventType "team-tourn (rapid)"]
[EventRounds "8"]
[EventCountry "USA"]
[SourceTitle "CBM 198 Extra"]
[Source "ChessBase"]
[SourceDate "2020.11.30"]
[SourceVersion "1"]
[SourceVersionDate "2020.11.30"]
[SourceQuality "1"]
[WhiteTeam "Texas Dallas Univ"]
[BlackTeam "Texas Rio Grande Valley Univ"]
[WhiteTeamCountry "USA"]
[BlackTeamCountry "USA"]

1. e4 c5 2. Nc3 e6 3. Nge2 Nc6 4. g3 Nf6 5. Bg2 a6 6. 0-0 Qc7 7. f4 d6 8. a4 Be7 9. h3 Rb8 10. g4 b5 11. axb5 axb5 12. Ng3 b4 13. Nce2 Bb7 14. d3 Nd4 15. Nxd4 cxd4 16. b3 Nd7 17. Bd2 Bh4 18. Ne2 Qc5 19. Kh1 f5 20. exf5 Bxg2+ 21. Kxg2 exf5 22. g5 Qd5+ 23. Kh2 h6 24. Ng1 hxg5 25. fxg5 Ne5 26. Rxf5 Kd7 27. Qe2 Rbc8 28. Bxb4 g6 29. Ra7+ Kd8 30. Rf6 Rxc2 31. Rxd6+ Qxd6 32. Bxd6 Nf3+ 33. Kg2 Rxe2+ 34. Nxe2 Ne1+ 35. Kf1 Re8 36. Nxd4 Re3 37. Nc6+ Ke8 38. Bc5 Re6 39. Re7+ Rxe7 40. Bxe7 Nxd3 41. Bf6 Kd7 42. Nd4 Bf2 43. Ke2 Bxd4 44. Kxd3 1-0

[Event "Texas Collegiate Finals"]
[Site "chess24.com INT"]
[Date "2020.10.17"]
[Round "4.1"]
[White "Arribas Lopez, Angel"]
[Black "Sorokin, Aleksey"]
[Result "1-0"]
[WhiteElo "2434"]
[BlackElo "2521"]
[PlyCount "49"]
[EventDate "2020.10.17"]
[EventType "team-tourn (rapid)"]
[EventRounds "8"]
[EventCountry "USA"]
[SourceTitle "CBM 198 Extra"]
[Source "ChessBase"]
[SourceDate "2020.11.30"]
[SourceVersion "1"]
[SourceVersionDate "2020.11.30"]
[SourceQuality "1"]
[WhiteTeam "Texas Dallas Univ"]
[BlackTeam "Texas Tech Univ"]
[WhiteTeamCountry "USA"]
[BlackTeamCountry "USA"]

1. e4 c6 2. Nc3 d5 3. Nf3 Nf6 4. exd5 cxd5 5. d4 Bg4 6. h3 Bxf3 7. Qxf3 Nc6 8. Bb5 e6 9. Qg3 Qd6 10. Bf4 Qb4 11. a3 Qxb2 12. Ra2 Ne4 13. Rxb2 Nxg3 14. Bxg3 Bxa3 15. Rb3 Be7 16. Ba4 0-0 17. Rxb7 Bb4 18. Kd2 Rfc8 19. Bxc6 Bxc3+ 20. Kxc3 Rxc6+ 21. Kd2 Rac8 22. Rc1 a5 23. Ra7 Rc4 24. c3 a4 25. Bd6 1-0

[Event "Texas Collegiate Finals"]
[Site "chess24.com INT"]
[Date "2020.10.17"]
[Round "2.2"]
[White "Moore, Michael"]
[Black "Arribas Lopez, Angel"]
[Result "0-1"]
[WhiteElo "1873"]
[BlackElo "2434"]
[PlyCount "80"]
[EventDate "2020.10.17"]
[EventType "team-tourn (rapid)"]
[EventRounds "8"]
[EventCountry "USA"]
[SourceTitle "CBM 198 Extra"]
[Source "ChessBase"]
[SourceDate "2020.11.30"]
[SourceVersion "1"]
[SourceVersionDate "2020.11.30"]
[SourceQuality "1"]
[WhiteTeam "Texas Tech Univ II"]
[BlackTeam "Texas Dallas Univ"]
[WhiteTeamCountry "USA"]
[BlackTeamCountry "USA"]

1. e4 e6 2. d4 d5 3. Nc3 Nf6 4. e5 Nfd7 5. Nce2 c5 6. c3 b5 7. Nf3 b4 8. g3 Nc6 9. Bg2 Ba6 10. 0-0 bxc3 11. bxc3 Qa5 12. a4 Rb8 13. Bd2 Bc4 14. Re1 Be7 15. Qc2 Qa6 16. Nf4 g5 17. Nh5 g4 18. Ng7+ Kf8 19. Bh6 gxf3 20. Nxe6+ Kg8 21. Qf5 Bd3 22. Qg4+ Bg6 23. Bxf3 Ncxe5 24. Nc7 Qd6 25. Nxd5 Qxd5 26. Bxd5 Nxg4 27. Rxe7 Ndf6 28. Bxf7+ Bxf7 29. Bf4 Rb2 30. dxc5 Nd5 31. Rxa7 Nxf4 32. gxf4 Nxf2 33. c6 Nh3+ 34. Kf1 Kg7 35. Rb7 Rf2+ 36. Ke1 Re8+ 37. Kd1 Rf1+ 38. Kd2 Rxa1 39. c7 Nxf4 40. Rb8 Re2# 0-1

[Event "PNWCC Online Masters Artist Point"]
[Site "Chess.com INT"]
[Date "2020.09.07"]
[Round "8"]
[White "Free, Graham"]
[Black "Arribas Lopez, Angel"]
[Result "1-0"]
[WhiteElo "2138"]
[BlackElo "2434"]
[PlyCount "45"]
[EventDate "2020.09.05"]
[EventType "swiss"]
[EventRounds "9"]
[EventCountry "USA"]
[SourceTitle "CBM 198 Extra"]
[Source "ChessBase"]
[SourceDate "2020.11.30"]
[SourceVersion "1"]
[SourceVersionDate "2020.11.30"]
[SourceQuality "1"]

1. d4 g6 2. Nf3 Bg7 3. g3 d6 4. Bg2 Nf6 5. 0-0 0-0 6. b3 c6 7. Bb2 Qa5 8. Nbd2 Qh5 9. e4 Bh3 10. Bxh3 Qxh3 11. Ng5 Qc8 12. e5 dxe5 13. dxe5 Ng4 14. Qe2 Qf5 15. f4 Qxc2 16. Ba3 Rd8 17. Qxg4 Rxd2 18. Qc8+ Bf8 19. Nf3 Rd7 20. e6 fxe6 21. Ne5 Qd2 22. Rf2 Qd5 23. Qe8 1-0

[Event "PNWCC Online Masters Artist Point"]
[Site "Chess.com INT"]
[Date "2020.09.06"]
[Round "4"]
[White "Arribas Lopez, Angel"]
[Black "Nguyen, Duy Minh"]
[Result "1/2-1/2"]
[WhiteElo "2434"]
[BlackElo "1919"]
[PlyCount "105"]
[EventDate "2020.09.05"]
[EventType "swiss"]
[EventRounds "9"]
[EventCountry "USA"]
[SourceTitle "CBM 198 Extra"]
[Source "ChessBase"]
[SourceDate "2020.11.30"]
[SourceVersion "1"]
[SourceVersionDate "2020.11.30"]
[SourceQuality "1"]

1. e4 c5 2. Nc3 Nc6 3. Bb5 Nd4 4. Nf3 g6 5. 0-0 Bg7 6. Nxd4 cxd4 7. Ne2 e6 8. c3 dxc3 9. dxc3 Ne7 10. Qd6 a6 11. Ba4 b5 12. Bc2 0-0 13. Bg5 Re8 14. a4 Bb7 15. Rfd1 Bc6 16. Nd4 Nf5 17. exf5 Qxg5 18. Nxc6 dxc6 19. fxg6 hxg6 20. Qxc6 Rec8 21. Qf3 Qf6 22. Qxf6 Bxf6 23. axb5 axb5 24. Be4 Rxa1 25. Rxa1 b4 26. cxb4 Rb8 27. Ra8 Rxa8 28. Bxa8 Bxb2 29. b5 Bd4 30. h4 Kg7 31. g4 g5 32. h5 f5 33. Bf3 fxg4 34. Bxg4 e5 35. Kg2 e4 36. Bf5 e3 37. fxe3 Bxe3 38. Kf3 Ba7 39. Ke4 Kh6 40. Bg4 Bg1 41. Kd5 Ba7 42. Kc6 Bg1 43. b6 Bxb6 44. Kxb6 Kg7 45. Kc6 Kh6 46. Kd5 Kg7 47. Ke6 Kh8 48. Kf7 Kh7 49. Kf8 Kh8 50. Bf5 g4 51. Bxg4 Kh7 52. Bf5+ Kh8 53. Bg6 1/2-1/2

[Event "PNWCC Online Masters Artist Point"]
[Site "Chess.com INT"]
[Date "2020.09.05"]
[Round "3"]
[White "Chen, Ryo"]
[Black "Arribas Lopez, Angel"]
[Result "1-0"]
[WhiteElo "2085"]
[BlackElo "2434"]
[PlyCount "97"]
[EventDate "2020.09.05"]
[EventType "swiss"]
[EventRounds "9"]
[EventCountry "USA"]
[SourceTitle "CBM 198 Extra"]
[Source "ChessBase"]
[SourceDate "2020.11.30"]
[SourceVersion "1"]
[SourceVersionDate "2020.11.30"]
[SourceQuality "1"]

1. e4 e6 2. d4 d5 3. Nd2 Nf6 4. e5 Nfd7 5. Bd3 c5 6. c3 Nc6 7. Ne2 cxd4 8. cxd4 f6 9. Nf4 Nxd4 10. Qh5+ Ke7 11. exf6+ Nxf6 12. Ng6+ hxg6 13. Qxh8 Kf7 14. 0-0 e5 15. Nb3 Nxb3 16. axb3 e4 17. Be2 Be6 18. Bf4 d4 19. Bc4 Bxc4 20. bxc4 Nh5 21. Be5 d3 22. Rfe1 d2 23. Red1 Qg5 24. Bd6 e3 25. fxe3 Qxe3+ 26. Kh1 Bxd6 27. Rf1+ Ke6 28. Qxa8 Ng3+ 29. hxg3 Qh6+ 30. Kg1 Qe3+ 31. Rf2 Qe1+ 32. Kh2 Qxf2 33. Qc8+ Kf6 34. Qg4 Qe1 35. Qd4+ Be5 36. Qd8+ Kf7 37. Qd5+ Kf6 38. Qf3+ Kg5 39. Ra5 Kh6 40. Rd5 Bxg3+ 41. Kh3 g5 42. Kg4 Qh1 43. Kf5 g6+ 44. Ke6 Bf4 45. Rd8 Qe1+ 46. Kf7 Kh7 47. Qh3+ Qh4 48. Qc8 Qf2 49. Rh8# 1-0

[Event "Leon blitz op 33rd"]
[Site "Chess.com INT"]
[Date "2020.07.14"]
[Round "7"]
[White "Arjun, Kalyan"]
[Black "Arribas Lopez, Angel"]
[Result "1-0"]
[WhiteElo "2477"]
[BlackElo "2434"]
[PlyCount "121"]
[EventDate "2020.07.14"]
[EventType "swiss (blitz)"]
[EventRounds "10"]
[EventCountry "ESP"]
[SourceTitle "CBM 197 Extra"]
[Source "ChessBase"]
[SourceDate "2020.09.30"]
[SourceVersion "1"]
[SourceVersionDate "2020.09.30"]
[SourceQuality "1"]

1. d4 g6 2. e4 Bg7 3. c3 d6 4. Bd3 e5 5. Nf3 Nc6 6. Be3 Bg4 7. d5 Nce7 8. Nbd2 f5 9. h3 Bh5 10. g4 fxg4 11. Ng5 gxh3 12. Qa4+ Qd7 13. Qxd7+ Kxd7 14. Nf7 Nf6 15. Nxh8 Rxh8 16. Bf1 c6 17. Bxh3+ Kc7 18. c4 h6 19. Be6 Ng4 20. Nf1 Nxe3 21. Nxe3 Bf3 22. Rh3 Bxe4 23. f3 Bf5 24. Nxf5 gxf5 25. Ke2 Bf6 26. Rg1 h5 27. b4 h4 28. f4 e4 29. a4 a5 30. bxa5 c5 31. Rb3 Ra8 32. Rgb1 Ra7 33. a6 bxa6 34. Rb8 h3 35. Rf8 Bh4 36. Rh8 Bf6 37. Rxh3 Ra8 38. Rhb3 Ra7 39. Rb8 a5 40. Rf8 Bh4 41. Rh1 Ng6 42. Rf7+ Kb6 43. Rxa7 Kxa7 44. Bxf5 Nxf4+ 45. Ke3 Bg5 46. Kxe4 Ne2 47. Kd3 Nf4+ 48. Kc2 Ne2 49. Rh7+ Kb8 50. Bd7 Bf6 51. Bc6 Nd4+ 52. Kd3 Nf3 53. Rb7+ Kc8 54. Ke4 Ne5 55. Kf5 Bd8 56. Ra7 Nxc4 57. Ke6 Bc7 58. Bb5 Nb6 59. Ba6+ Kd8 60. Rb7 Kc8 61. Rxb6+ 1-0

[Event "Titled Tuesday intern op 14th July"]
[Site "Chess.com INT"]
[Date "2020.07.14"]
[Round "8"]
[White "Arribas Lopez, Angel"]
[Black "Flores Quillas, Diego Saul Rodrigo"]
[Result "1-0"]
[WhiteElo "2434"]
[BlackElo "2245"]
[PlyCount "37"]
[EventDate "2020.07.14"]
[EventType "swiss (blitz)"]
[EventRounds "10"]
[EventCountry "USA"]
[SourceTitle "CBM 197 Extra"]
[Source "ChessBase"]
[SourceDate "2020.09.30"]
[SourceVersion "1"]
[SourceVersionDate "2020.09.30"]
[SourceQuality "1"]

1. e4 c5 2. Nc3 Nc6 3. Bb5 Nd4 4. Nf3 a6 5. Bd3 Nc6 6. 0-0 g6 7. e5 Bg7 8. Re1 Nh6 9. h3 Nf5 10. Bxf5 gxf5 11. d4 cxd4 12. Nxd4 e6 13. Nxc6 dxc6 14. Qxd8+ Kxd8 15. Bg5+ Kc7 16. Rad1 Bd7 17. Na4 Bf8 18. Rxd7+ Kxd7 19. Nb6+ 1-0

[Event "Titled Tuesday intern op 14th July"]
[Site "Chess.com INT"]
[Date "2020.07.14"]
[Round "6"]
[White "Arribas Lopez, Angel"]
[Black "Grischuk, Alexander"]
[Result "0-1"]
[WhiteElo "2434"]
[BlackElo "2777"]
[PlyCount "146"]
[EventDate "2020.07.14"]
[EventType "swiss (blitz)"]
[EventRounds "10"]
[EventCountry "USA"]
[SourceTitle "CBM 197 Extra"]
[Source "ChessBase"]
[SourceDate "2020.09.30"]
[SourceVersion "1"]
[SourceVersionDate "2020.09.30"]
[SourceQuality "1"]

1. e4 c5 2. Nc3 d6 3. f4 g6 4. Nf3 Bg7 5. Bc4 Nc6 6. 0-0 Nf6 7. Qe1 0-0 8. d3 Bg4 9. Ng5 Nd4 10. Qf2 h6 11. h3 Bd7 12. Nf3 b5 13. Bb3 Nxf3+ 14. Qxf3 Rc8 15. e5 Ne8 16. a3 c4 17. Ba2 Bc6 18. Qg3 dxe5 19. fxe5 Qd4+ 20. Be3 Qxe5 21. Qxe5 Bxe5 22. Bxh6 Ng7 23. dxc4 bxc4 24. Rfe1 Bd4+ 25. Kh2 Rfe8 26. Bxc4 Nf5 27. Bf4 Bxg2 28. Bd3 Ba8 29. Ne4 Bxb2 30. Rab1 Bxa3 31. Ra1 Bxe4 32. Bxe4 Bd6 33. Bxd6 Nxd6 34. Rxa7 Nxe4 35. Rxe4 Rxc2+ 36. Kg3 Kf8 37. Re3 Rc6 38. Raa3 Rec8 39. Rab3 f6 40. Ra3 Kf7 41. Rab3 R8c7 42. Ra3 g5 43. Rab3 Rc4 44. Rf3 Rd4 45. Ra3 Re4 46. Rab3 Re5 47. Ra3 Rc4 48. Rab3 Rc1 49. Ra3 Kg6 50. Rab3 Rg1+ 51. Kf2 Rd1 52. Ra3 Rd4 53. Kg3 Rde4 54. Rab3 f5 55. Rb6+ Re6 56. Rb2 Re3 57. Kf2 Rxf3+ 58. Kxf3 Ra6 59. Rb3 Kf6 60. Ke3 e6 61. Kf3 Ra4 62. Kg3 Ke5 63. Re3+ Re4 64. Ra3 f4+ 65. Kf2 Kf5 66. Ra5+ e5 67. Ra8 Rb4 68. Rg8 Rb2+ 69. Kg1 f3 70. Kf1 Kf4 71. Kg1 e4 72. Kf1 Rb1+ 73. Kf2 e3# 0-1

[Event "Leon blitz op 33rd"]
[Site "Chess.com INT"]
[Date "2020.07.14"]
[Round "6"]
[White "Arribas Lopez, Angel"]
[Black "Sadovsky, Artem"]
[Result "1-0"]
[WhiteElo "2434"]
[BlackElo "2421"]
[PlyCount "49"]
[EventDate "2020.07.14"]
[EventType "swiss (blitz)"]
[EventRounds "10"]
[EventCountry "ESP"]
[SourceTitle "CBM 197 Extra"]
[Source "ChessBase"]
[SourceDate "2020.09.30"]
[SourceVersion "1"]
[SourceVersionDate "2020.09.30"]
[SourceQuality "1"]

1. e4 c6 2. d4 d5 3. f3 dxe4 4. fxe4 e5 5. Nf3 exd4 6. Bc4 Bc5 7. 0-0 Nf6 8. Ng5 0-0 9. Nxf7 Rxf7 10. Bxf7+ Kh8 11. e5 d3+ 12. Kh1 Ng4 13. Qxd3 Qxd3 14. cxd3 Nf2+ 15. Rxf2 Bxf2 16. e6 Bh4 17. Bf4 Na6 18. g3 Bf6 19. d4 Bxd4 20. Nc3 Nc5 21. e7 Bg4 22. h3 Bd7 23. Rd1 Bxc3 24. bxc3 Be8 25. Rd8 1-0

[Event "Titled Tuesday intern op 14th July"]
[Site "Chess.com INT"]
[Date "2020.07.14"]
[Round "4"]
[White "Mammadzada, Gunay Vuqar Qizi"]
[Black "Arribas Lopez, Angel"]
[Result "0-1"]
[WhiteElo "2443"]
[BlackElo "2434"]
[PlyCount "102"]
[EventDate "2020.07.14"]
[EventType "swiss (blitz)"]
[EventRounds "10"]
[EventCountry "USA"]
[SourceTitle "CBM 197 Extra"]
[Source "ChessBase"]
[SourceDate "2020.09.30"]
[SourceVersion "1"]
[SourceVersionDate "2020.09.30"]
[SourceQuality "1"]

1. e4 c5 2. Nf3 d6 3. d4 cxd4 4. Nxd4 Nf6 5. Nc3 g6 6. Be3 Bg7 7. f3 Nc6 8. Qd2 Bd7 9. 0-0-0 Rc8 10. Kb1 h5 11. Nd5 Nxd5 12. exd5 Ne5 13. f4 Ng4 14. Bg1 a6 15. Bd3 Qb6 16. c3 Qa5 17. f5 Bh6 18. Qe2 Ne5 19. fxg6 fxg6 20. Nf3 Nxd3 21. Rxd3 Bf5 22. Bd4 Qxd5 23. Nh4 Qe4 24. Qxe4 Bxe4 25. Bxh8 Bxd3+ 26. Ka1 Kd7 27. Bd4 Rf8 28. Nf3 Be4 29. Rf1 Rf5 30. b3 g5 31. Be3 Bg7 32. Kb2 g4 33. Nd2 Rxf1 34. Nxf1 Bxg2 35. Ng3 h4 36. Nf5 Bf6 37. Bf2 g3 38. hxg3 h3 39. Bg1 Be5 40. Nh4 Bxg3 41. Nxg2 hxg2 42. Kc2 e5 43. Kd3 d5 44. Ke3 e4 45. c4 Ke6 46. cxd5+ Kxd5 47. Ke2 Be5 48. Kf2 Bd4+ 49. Kxg2 Bxg1 50. Kxg1 Kd4 51. Kf2 Kd3 0-1

[Event "Titled Tuesday intern op 14th July"]
[Site "Chess.com INT"]
[Date "2020.07.14"]
[Round "2"]
[White "Siddharth, Jagadeesh"]
[Black "Arribas Lopez, Angel"]
[Result "1-0"]
[WhiteElo "2320"]
[BlackElo "2434"]
[PlyCount "65"]
[EventDate "2020.07.14"]
[EventType "swiss (blitz)"]
[EventRounds "10"]
[EventCountry "USA"]
[SourceTitle "CBM 197 Extra"]
[Source "ChessBase"]
[SourceDate "2020.09.30"]
[SourceVersion "1"]
[SourceVersionDate "2020.09.30"]
[SourceQuality "1"]

1. Nf3 d6 2. c4 g6 3. g3 Bg7 4. Bg2 f5 5. 0-0 e5 6. Nc3 Nf6 7. d3 h6 8. Rb1 a5 9. a3 0-0 10. b4 axb4 11. axb4 g5 12. Ne1 f4 13. b5 Nbd7 14. Nc2 Nc5 15. d4 exd4 16. Nxd4 Qe8 17. Bb2 Qh5 18. Nd5 Bh3 19. Nxf6+ Bxf6 20. Nb3 Nxb3 21. Qxb3 Bxg2 22. Kxg2 Qxe2 23. c5+ Kg7 24. cxd6 Qh5 25. gxf4 gxf4 26. Kh1 cxd6 27. Rg1+ Kh7 28. Rbc1 Be5 29. Rc7+ Kh8 30. Bxe5+ Qxe5 31. Qh3 Qd5+ 32. f3 Rf6 33. Qg4 1-0

[Event "Gelfand Camp Blitz"]
[Site "Chess.com INT"]
[Date "2020.07.01"]
[Round "2"]
[White "Arribas Lopez, Angel"]
[Black "Gelfand, Boris"]
[Result "0-1"]
[WhiteElo "2434"]
[BlackElo "2676"]
[PlyCount "40"]
[EventDate "2020.07.01"]
[EventType "tourn (blitz)"]
[EventRounds "13"]
[EventCountry "USA"]
[EventCategory "7"]
[SourceTitle "CBM 197 Extra"]
[Source "ChessBase"]
[SourceDate "2020.09.30"]
[SourceVersion "1"]
[SourceVersionDate "2020.09.30"]
[SourceQuality "1"]

1. e4 c5 2. Nc3 Nc6 3. Bb5 Nd4 4. Nf3 e6 5. 0-0 a6 6. Bd3 Nc6 7. b3 g6 8. Bb2 Bg7 9. Na4 Bxb2 10. Nxb2 d6 11. a4 Nge7 12. c3 0-0 13. Bc2 e5 14. Nc4 f5 15. exf5 Bxf5 16. d4 exd4 17. cxd4 Bxc2 18. Qxc2 Rxf3 19. gxf3 Nxd4 20. Qe4 d5 0-1

[Event "Gelfand Camp Blitz"]
[Site "Chess.com INT"]
[Date "2020.07.01"]
[Round "8"]
[White "Arribas Lopez, Angel"]
[Black "Krush, Irina"]
[Result "1-0"]
[WhiteElo "2434"]
[BlackElo "2429"]
[PlyCount "45"]
[EventDate "2020.07.01"]
[EventType "tourn (blitz)"]
[EventRounds "13"]
[EventCountry "USA"]
[EventCategory "7"]
[SourceTitle "CBM 197 Extra"]
[Source "ChessBase"]
[SourceDate "2020.09.30"]
[SourceVersion "1"]
[SourceVersionDate "2020.09.30"]
[SourceQuality "1"]

1. e4 c5 2. Nc3 Nc6 3. Bb5 Nd4 4. Nf3 Nxb5 5. Nxb5 a6 6. Nc3 d6 7. d4 cxd4 8. Qxd4 Nf6 9. Bg5 e6 10. 0-0-0 Be7 11. Bxf6 gxf6 12. Rhe1 Qa5 13. Kb1 b5 14. Nd5 exd5 15. exd5 Qc7 16. Qxf6 Rg8 17. Nd4 Kf8 18. Qh6+ Rg7 19. Nc6 Bf5 20. Rxe7 Qb6 21. Rde1 Qc5 22. Rxf7+ Kxf7 23. Re7+ 1-0